000 00457nam a2200157Ia 4500
999 _c35120
_d35120
003 OSt
005 20201207112622.0
008 190216s9999||||xx |||||||||||||| ||und||
040 _coclc
082 _a025.43
_bRAN/C
100 _aRanganathan, S R
_97224
245 0 _aColon Classification /
_cS R Ranganathan
260 _bAsia Publishing House,
_c1933.
_aBombay:
300 _a438p
942 _cREF
_2ddc
_h025.43
_iRAN/C
_k025.43
_mRAN/C